000 00779nam a22002777a 4500
003 CHAP
005 20220329134346.0
008 971013s1981 r 00010 d
010 _a19311
011 _a20283
035 _a24371
040 _cCHAP
082 _a610.3
_bD53 1981
245 _aDiccionarios de los términos técnicos de medicina
250 _a20 ed.
260 _aMadrid :
_bNorma,
_c1981
300 _a1114 p.
590 _aBATCH-UPD
_b10
_c20130110
_lUCH01
_h2124
590 _aCONVERSION
_b10
_c20130109
_lUCH01
_h1312
650 1 4 _aMedicina
_xDiccionarios.
_973902
700 0 _aDelamare, Valery.
_931536
700 0 _aGarnier, Marcel.
_946924
901 _aBK
942 _cLIBRO
949 _a610.3 D53 1981
_bBC
_cC
_d-56187
_eC
_gI.125218
_h64396
_i24371
_si
999 _c19311
_d19311